[Event "It (open) \"]
[Site "masterchessopen.com Szekszard (Hungary)"]
[Round "3"]
[White "Parkanyi Attila (HUN)"]
[Black "Baki Peter (HUN)"]
[Result "1-0"]
[WhiteElo "2395"]
[BlackElo "2100"]

1.e4 c5 2.Nc3 Nc6 3.g3 g6 4.Bg2 Bg7 5.d3 e6 6.Be3 Qa5 7.Qd2 Nd4 8.f4 Ne7 9.Nf3
d6 10.O-O h5 11.Rae1 O-O 12.Nd5 Qd8 13.Nxe7+ Qxe7 14.Nh4 Bf6 15.c3 Nc6 16.f5
Ne5 17.Bh6 Re8 18.fxg6 fxg6 19.d4 cxd4 20.cxd4 Nc4 21.Qc3 Kh7 22.Bc1 Nb6
23.Qd2 Bg7 24.e5 {#r} 1-0

[Event "Staatsliga 1998/99"]
[Site "masterchessopen.com Austria"]
[Round "0"]
[White "Posch Werner (AUT)"]
[Black "Postl Anton (AUT)"]
[Result "1-0"]
[WhiteElo "2292"]
[BlackElo "2303"]

1.e4 c5 2.Nc3 Nc6 3.g3 g6 4.Bg2 Bg7 5.d3 e6 6.Be3 Nd4 7.Nce2 d5 8.c3 Nxe2
9.Nxe2 b6 10.O-O Ne7 11.d4 cxd4 12.Bxd4 e5 13.Be3 Bb7 14.exd5 Bxd5 15.Qa4+ Qd7
16.Qxd7+ Kxd7 17.Rfd1 Kc6 18.Rxd5 {#r} 1-0

[Event "It (open)"]
[Site "masterchessopen.com Bad Wiessee (Germany)"]
[Round "1"]
[White "Schmid Michael_ (GER)"]
[Black "Fischer Johannes (GER)"]
[Result "0-1"]
[WhiteElo "2240"]
[BlackElo "2346"]

1.e4 c5 2.Nc3 Nc6 3.g3 g6 4.Bg2 Bg7 5.d3 e6 6.f4 Nge7 7.Nge2 d6 8.O-O Rb8 9.a4
a6 10.Be3 Nd4 11.Ra2 Nec6 12.b3 Nb4 13.Rb2 Nxe2+ 14.Qxe2 Bxc3 15.Rbb1 O-O
16.f5 exf5 17.exf5 Qe7 18.fxg6 hxg6 {#R} 0-1

[Event "It (open)"]
[Site "masterchessopen.com Bretagne (France)"]
[Round "4"]
[White "Le Du Michel (FRA)"]
[Black "Belkhodja Slim (TUN)"]
[Result "0-1"]
[WhiteElo "1912"]
[BlackElo "2424"]

1.e4 c5 2.Nc3 Nc6 3.g3 g6 4.Bg2 Bg7 5.d3 e6 6.Be3 b6 7.Qd2 Nge7 8.Bh6 Bxh6
9.Qxh6 Nd4 10.O-O-O Bb7 11.Qg7 Rf8 12.Qxh7 b5 13.Nce2 Qa5 14.Kb1 Nec6 15.Nxd4
cxd4 16.Ne2 Rc8 17.Rc1 Qd2 18.Bf3 Ke7 19.Rhd1 Qg5 20.h4 Qf6 {#R} 0-1

[Event "Ch France (juniors) (under 14)"]
[Site "masterchessopen.com France"]
[Round "8"]
[White "Pietrasanta Jeremy (FRA)"]
[Black "Sorin Baptiste (FRA)"]
[Result "1-0"]
[WhiteElo "2093"]
[BlackElo "2216"]

1.e4 c5 2.Nc3 Nc6 3.g3 g6 4.Bg2 Bg7 5.d3 e6 6.f4 Nge7 7.Nf3 O-O 8.O-O d5 9.g4
dxe4 10.Nxe4 b6 11.Ne5 Bb7 12.Nc4 Nc8 13.a4 Qe7 14.f5 exf5 15.gxf5 f6 16.Bf4
Rd8 17.Qg4 Kf7 18.Rae1 Qd7 19.fxg6+ hxg6 20.Ned6+ Nxd6 21.Nxd6+ Kf8 22.Re8+
{#r} 1-0

[Event "It (open)"]
[Site "masterchessopen.com Lenk (Switzerland)"]
[Round "1"]
[White "Guyer Patrick (SUI)"]
[Black "Huber Ruth (SUI)"]
[Result "1-0"]
[WhiteElo "2131"]
[BlackElo "1673"]

1.e4 c5 2.Nc3 Nc6 3.g3 g6 4.Bg2 Bg7 5.d3 Nf6 6.f4 e6 7.e5 Ng8 8.Ne4 Nge7
9.Nd6+ Kf8 10.Be3 Qa5+ 11.c3 Nf5 12.Nxf5 exf5 13.Nf3 f6 14.Qb3 fxe5 15.O-O
exf4 16.Bxf4 Ke8 17.Rfe1+ Kd8 18.Qf7 Bd4+ 19.Nxd4 cxd4 20.Qf6+ {#r} 1-0

[Event "Ch Germany (juniors) (under 16) (g)"]
[Site "masterchessopen.com Oberhof (Germany)"]
[Round "4"]
[White "Schlosberg Elisabeth (GER)"]
[Black "Fliter Irena (GER)"]
[Result "1-0"]
[WhiteElo "2040"]
[BlackElo "2099"]

1.e4 c5 2.Nc3 Nc6 3.g3 g6 4.Bg2 Bg7 5.d3 e6 6.Nf3 d6 7.Be3 Nd4 8.Qd2 Bd7 9.O-O
Bc6 10.Ne1 Qc7 11.Nd1 Bd7 12.c3 Nc6 13.Nc2 Ne5 14.h3 Ne7 15.f4 N5c6 16.d4 cxd4
17.Nxd4 Nxd4 18.Bxd4 e5 19.Be3 f5 20.fxe5 dxe5 21.Bg5 Qc5+ 22.Ne3 O-O-O 23.b4
Bb5 24.Qxd8+ {#r} 1-0

[Event "Ch Germany (juniors) (under 18) (g)"]
[Site "masterchessopen.com Oberhof (Germany)"]
[Round "5"]
[White "Ehret Rebecca (GER)"]
[Black "Stephan Anna (GER)"]
[Result "0-1"]
[WhiteElo "2079"]
[BlackElo "2147"]

1.e4 c5 2.Nc3 Nc6 3.g3 g6 4.Bg2 Bg7 5.d3 Rb8 6.f4 b5 7.Nf3 b4 8.Ne2 e6 9.O-O
Nge7 10.Kh1 d6 11.d4 cxd4 12.Nfxd4 O-O 13.Qd3 Nxd4 14.Nxd4 Qb6 15.Rd1 Ba6
16.Qd2 Rfc8 17.Nf3 Bb7 18.Ne1 Nc6 19.Rb1 Nd4 20.Qf2 Nxc2 21.Qxb6 axb6 22.Nxc2
Rxc2 23.Rxd6 Rxg2 {#R} 0-1

[Event "Ch Poland (team) (2nd liga)"]
[Site "masterchessopen.com Polanica Zdroj (Poland)"]
[Round "1"]
[White "Masternak Aleksander (POL)"]
[Black "Banasik Henryk (POL)"]
[Result "1-0"]
[WhiteElo "2244"]
[BlackElo "2143"]

1.e4 c5 2.Nc3 Nc6 3.g3 g6 4.Bg2 Bg7 5.d3 Rb8 6.Be3 b5 7.Qd2 b4 8.Nd1 d6 9.Ne2
e5 10.O-O Nd4 11.Nc1 h5 12.c3 Nc6 13.f4 f6 14.Ne2 h4 15.d4 bxc3 16.bxc3 hxg3
17.hxg3 Ba6 18.fxe5 fxe5 19.Bg5 Qd7 20.d5 Na5 {#r} 1-0

[Event "Extra League 1998/99"]
[Site "masterchessopen.com Slovakia"]
[Round "10"]
[White "Betko Lubomir (SVK)"]
[Black "Likavsky Tomas (SVK)"]
[Result "0-1"]
[WhiteElo "2310"]
[BlackElo "2366"]

1.e4 c5 2.Nc3 Nc6 3.g3 g6 4.Bg2 Bg7 5.d3 e6 6.Nh3 Nge7 7.O-O h6 8.Be3 b6 9.f4
f5 10.exf5 exf5 11.Ne2 Bxb2 12.Rb1 Bg7 13.d4 d6 14.dxc5 dxc5 15.Qe1 Ba6 16.Kf2
O-O 17.Nc3 Qc7 18.Bd2 Rad8 19.Qe6+ Kh7 20.Rfe1 Rd6 {#R} 0-1

[Event "It (open)"]
[Site "masterchessopen.com St. Lo (France)"]
[Round "1"]
[White "Durand Gilbert (FRA)"]
[Black "Belkhodja Slim (TUN)"]
[Result "0-1"]
[WhiteElo "1676"]
[BlackElo "2424"]

1.e4 c5 2.Nc3 Nc6 3.g3 g6 4.d3 Bg7 5.Bg2 e6 6.Be3 b6 7.Nge2 Nge7 8.Nf4 Bb7
9.O-O O-O 10.Qd2 Ne5 11.h3 d5 12.d4 Nc4 13.Qd1 Nxb2 14.Qd2 Nc4 15.Qd1 Nxe3
16.fxe3 cxd4 17.exd4 dxe4 18.Nfe2 Nf5 19.Qc1 Nxg3 20.Rd1 Rc8 21.Qa3 Nxe2+
22.Nxe2 Rxc2 23.Kf1 Qf6+ 24.Ke1 e3 {#R} 0-1

[Event "Ch Switzerland (team)"]
[Site "masterchessopen.com Switzerland"]
[Round "5"]
[White "King Daniel J (ENG)"]
[Black "Domont Alexandre (SUI)"]
[Result "1-0"]
[WhiteElo "2501"]
[BlackElo "2399"]

1.e4 c5 2.Nc3 Nc6 3.g3 g6 4.Bg2 Bg7 5.d3 e6 6.Be3 Nd4 7.Nce2 Ne7 8.c3 Nxe2
9.Nxe2 d6 10.d4 cxd4 11.Nxd4 O-O 12.O-O a6 13.Qd2 Qc7 14.Bh6 e5 15.Bxg7 Kxg7
16.Nc2 Be6 17.f4 f6 18.Ne3 Rad8 19.Kh1 Qc5 20.Rad1 a5 21.f5 Bc4 22.Rf2 gxf5
23.exf5 {#r} 1-0

[Event "It (open)"]
[Site "masterchessopen.com Vantaa (Finland)"]
[Round "1"]
[White "Keskinen Sauli (FIN)"]
[Black "Nyback Tomi (FIN)"]
[Result "1-0"]
[WhiteElo "2237"]
[BlackElo "2095"]

1.e4 c5 2.Nc3 Nc6 3.g3 g6 4.Bg2 Bg7 5.d3 e6 6.Be3 Nd4 7.f4 Ne7 8.e5 Nef5 9.Bf2
h5 10.Ne4 d5 11.exd6 Nxd6 12.c3 {#r} 1-0

[Event "It (open)"]
[Site "masterchessopen.com Kavala (Greece)"]
[Round "7"]
[White "Haidaridis Georgios"]
[Black "Papadopoulou Triantafilia (GRE)"]
[Result "0-1"]
[WhiteElo "1630"]
[BlackElo "2146"]

1.e4 c5 2.Nc3 Nc6 3.g3 g6 4.Bg2 Bg7 5.d3 e6 6.Nge2 Nge7 7.O-O O-O 8.Be3 b6
9.Qd2 Bb7 10.Bh6 Rc8 11.Bxg7 Kxg7 12.Nd1 d5 13.exd5 Nxd5 14.Ne3 Nd4 15.c3 Nxe3
16.fxe3 Bxg2 17.Kxg2 Nc6 18.d4 Qd5+ 19.Kg1 e5 20.Rfd1 Rfd8 21.Qc2 cxd4 22.exd4
exd4 23.Rd3 Nb4 {#R} 0-1

[Event "Ch Australia (major)"]
[Site "masterchessopen.com Mingara (Australia)"]
[Round "2"]
[White "Sheldrick Kevin (AUS)"]
[Black "Kordahi Nick"]
[Result "1-0"]
[WhiteElo "2183"]
[BlackElo "1633"]

1.e4 c5 2.Nc3 Nc6 3.g3 g6 4.Bg2 Bg7 5.d3 e6 6.Be3 b6 7.Nge2 Bb7 8.Qd2 Nge7
9.O-O-O Rc8 10.Bh6 O-O 11.h4 Nd4 12.h5 Nxe2+ 13.Nxe2 Bh8 14.Bxf8 Qxf8 15.d4
cxd4 16.Nxd4 Rc4 17.Nb5 Nc6 18.hxg6 fxg6 19.Qxd7 Rxc2+ 20.Kxc2 Qxf2+ 21.Rd2
Nb4+ 22.Kb1 Bxe4+ 23.Bxe4 Qe1+ {#r} 1-0

[Event "It (open)"]
[Site "masterchessopen.com Budapest (Hungary)"]
[Round "0"]
[White "Pesztericz Laszlo (HUN)"]
[Black "Biro Gergely (HUN)"]
[Result "1-0"]
[WhiteElo "2164"]
[BlackElo "2088"]

1.e4 c5 2.Nc3 Nc6 3.g3 g6 4.Bg2 Bg7 5.d3 e6 6.Be3 b6 7.Qd2 Nge7 8.Bh6 O-O 9.h4
f5 10.h5 Rf7 11.hxg6 hxg6 12.Nf3 d5 13.Bxg7 Rxg7 14.Qh6 dxe4 15.Ng5 Kf8
16.O-O-O exd3 17.Rxd3 Qe8 18.Qh8+ Ng8 19.Bxc6 {#r} 1-0

[Event "Ch World (juniors) (under 20) (g)"]
[Site "masterchessopen.com Athens (Greece)"]
[Round "9"]
[White "Zuriel Marisa (ARG)"]
[Black "Zhao Xue (CHN)"]
[Result "0-1"]
[WhiteElo "2231"]
[BlackElo "2360"]

1.e4 c5 2.Nc3 Nc6 3.g3 g6 4.Bg2 Bg7 5.d3 Rb8 6.Be3 Nd4 7.Qd2 Qa5 8.f4 d6 9.Nf3
Nxf3+ 10.Bxf3 Bh3 11.g4 Nf6 12.Rg1 h5 13.gxh5 Nxh5 14.f5 Be5 15.fxg6 fxg6
16.Rxg6 Kd7 17.a3 Rbf8 18.Bg4+ Bxg4 19.Rxg4 Rf3 20.Rh4 Nf4 21.Rxf4 Bxf4
22.Bxf4 Rf8 23.Ne2 Rf1+ {#R} 0-1

[Event "It (open)"]
[Site "masterchessopen.com Bad Zwesten (Germany)"]
[Round "2"]
[White "Collmann Jan (GER)"]
[Black "Mensching Wilfried (GER)"]
[Result "0-1"]
[WhiteElo "1997"]
[BlackElo "1885"]

1.e4 c5 2.Nc3 Nc6 3.g3 g6 4.Bg2 Bg7 5.d3 e6 6.f4 Nge7 7.Nf3 O-O 8.O-O Rb8
9.Rb1 b5 10.b3 Bxc3 11.Nh4 d5 12.Qg4 f5 13.Qh3 Nd4 14.Nf3 Nxf3+ 15.Bxf3 fxe4
16.dxe4 dxe4 17.Bg4 Nf5 {#R} 0-1

[Event "It (open)"]
[Site "masterchessopen.com Biel (Switzerland)"]
[Round "2"]
[White "Strauss Juergen (SUI)"]
[Black "Adly Ahmed (EGY)"]
[Result "0-1"]
[WhiteElo "2113"]
[BlackElo "2214"]

1.e4 c5 2.Nc3 Nc6 3.g3 g6 4.Bg2 Bg7 5.d3 e6 6.Be3 b6 7.f4 Nge7 8.Qe2 O-O 9.Nf3
d5 10.Nd1 Ba6 11.Ng5 h6 12.Nh3 c4 13.O-O Nb4 14.Qd2 cxd3 15.cxd3 Nxd3 16.f5
exf5 17.Bxh6 dxe4 18.Bxg7 Kxg7 19.Qc3+ f6 20.Ng5 Qd6 21.Nh3 Rac8 22.Qd2 Qc5+
23.Ne3 Nd5 {#R} 0-1

[Event "Ch Russia"]
[Site "masterchessopen.com Elista (Russia)"]
[Round "6"]
[White "Bachin Vitaly (RUS)"]
[Black "Shovunov Baatr (RUS)"]
[Result "1-0"]
[WhiteElo "2442"]
[BlackElo "2353"]

1.e4 c5 2.Nc3 Nc6 3.g3 g6 4.Bg2 Bg7 5.d3 e6 6.Be3 b6 7.Qd2 Nge7 8.Bh6 O-O 9.h4
f6 10.O-O-O e5 11.Bxg7 Kxg7 12.f4 h6 13.f5 Nd4 14.g4 g5 15.Nf3 Nxf3 16.Bxf3
Bb7 17.Rh3 Bc6 18.hxg5 hxg5 19.Rdh1 Rf7 20.Qh2 Ng8 21.Rh8 d6 {#r} 1-0

[Event "It (open)"]
[Site "masterchessopen.com Haisnes (France)"]
[Round "0"]
[White "Platel Alexandre (FRA)"]
[Black "Jouglet Fabian (FRA)"]
[Result "1-0"]
[WhiteElo "2239"]
[BlackElo "1972"]

1.e4 c5 2.Nc3 Nc6 3.g3 g6 4.Bg2 Bg7 5.d3 e6 6.Be3 b6 7.Qd2 Nge7 8.Bh6 O-O 9.h4
d5 10.h5 dxe4 11.Bxg7 Kxg7 12.hxg6 hxg6 13.Qh6+ Kf6 14.Nxe4+ {#r} 1-0

[Event "Dos Hermanas Qualifier"]
[Site "masterchessopen.com Internet"]
[Round "1"]
[White "Finkel Alexander (ISR)"]
[Black "Aronian Levon (ARM)"]
[Result "0-1"]
[WhiteElo "2487"]
[BlackElo "2571"]

1.e4 c5 2.Nc3 Nc6 3.g3 g6 4.Bg2 Bg7 5.d3 Rb8 6.f4 b5 7.Nf3 b4 8.Ne2 d6 9.O-O
Qb6 10.h3 e6 11.g4 f5 12.gxf5 exf5 13.exf5 Bxf5 14.Ng3 Nge7 15.Nxf5 Nxf5
16.Qe1+ Kd7 17.Kh2 Rhe8 18.Qf2 Ncd4 19.Nxd4 Nxd4 20.c3 Re2 21.Qh4 Rxg2+
22.Kxg2 Qc6+ 23.Kg3 Nf5+ {#R} 0-1

[Event "Ch Germany (w)"]
[Site "masterchessopen.com Krefeld (Germany)"]
[Round "8"]
[White "Banisch Anett (GER)"]
[Black "Steinbacher Claudia (GER)"]
[Result "1-0"]
[WhiteElo "2115"]
[BlackElo "2117"]

1.e4 c5 2.Nc3 Nc6 3.g3 g6 4.Bg2 Bg7 5.d3 e6 6.Nh3 Nge7 7.O-O O-O 8.Be3 d6
9.Qd2 Rb8 10.Bh6 b5 11.Bxg7 Kxg7 12.f4 Nd4 13.e5 d5 14.Nd1 Qb6 15.Ndf2 Nec6
16.Kh1 c4 17.Ng4 Nf5 18.Rfe1 Bb7 19.Nf6 Rbd8 20.g4 Nh4 21.f5 Nxg2 22.Nh5+ Kh8
23.Qh6 gxh5 24.Ng5 {#r} 1-0

[Event "Ch World (juniors) (under 14)"]
[Site "masterchessopen.com Oropesa (Spain)"]
[Round "6"]
[White "Tello Nunez Alejandro (ESP)"]
[Black "Bluvshtein Mark (CAN)"]
[Result "0-1"]
[WhiteElo "2140"]
[BlackElo "2357"]

1.e4 c5 2.Nc3 Nc6 3.g3 g6 4.Bg2 Bg7 5.d3 e6 6.Be3 Nd4 7.Nce2 Ne7 8.c3 Nxe2
9.Nxe2 b6 10.d4 cxd4 11.cxd4 O-O 12.Qd2 Bb7 13.O-O-O d5 14.Bh6 dxe4 15.Bxg7
Kxg7 16.Qg5 Nd5 17.Qe5+ Qf6 18.Qxe4 Rab8 19.Rd2 Nc3 20.Qxb7 Rxb7 21.Bxb7 Nxe2+
22.Kb1 Nxd4 {#R} 0-1

[Event "Ch World (juniors) (under 14) (g)"]
[Site "masterchessopen.com Oropesa (Spain)"]
[Round "4"]
[White "Hoang Thi Bao Tram (VIE)"]
[Black "Vega Gutierrez Sabrina (ESP)"]
[Result "1-0"]
[WhiteElo "2331"]
[BlackElo "2114"]

1.e4 c5 2.Nc3 Nc6 3.g3 g6 4.Bg2 Bg7 5.d3 e6 6.Nge2 d6 7.Be3 Nd4 8.Rb1 Ne7
9.O-O O-O 10.a3 Qa5 11.Qc1 Nec6 12.b4 cxb4 13.axb4 Qh5 14.f3 Be5 15.b5 Nxe2+
16.Nxe2 Ne7 17.d4 Bf6 18.Nf4 Qh6 19.Nxe6 {#r} 1-0

[Event "Ch Slovakia (team) 2000/01 (1 liga) West"]
[Site "masterchessopen.com Slovakia"]
[Round "5"]
[White "Abraham Jan Willem (GER)"]
[Black "Goth Gabor (SVK)"]
[Result "0-1"]
[WhiteElo "2198"]
[BlackElo "2002"]

1.e4 c5 2.Nc3 Nc6 3.g3 g6 4.Bg2 Bg7 5.d3 e6 6.Be3 b6 7.Qc1 Nge7 8.Nce2 d5
9.Bh6 O-O 10.Bxg7 Kxg7 11.f4 dxe4 12.dxe4 e5 13.Nf3 Qc7 14.O-O Ba6 15.Rf2 f6
16.Qe3 Rad8 17.Nc3 exf4 18.gxf4 Nd4 19.Rd1 Nec6 20.Nd5 Qf7 21.c3 Nf5 22.exf5
Rxd5 23.Rxd5 Qxd5 24.Ne5 Qd1+ {#R} 0-1

[Event "Ch Germany (seniors) (team)"]
[Site "masterchessopen.com Bad Segeberg (Germany)"]
[Round "3"]
[White "Wiemer Juergen (GER)"]
[Black "Holfelder Hans Joachim (GER)"]
[Result "1-0"]
[WhiteElo "2120"]
[BlackElo "2278"]

1.e4 c5 2.Nc3 Nc6 3.g3 g6 4.Bg2 Bg7 5.d3 e6 6.Be3 Nd4 7.Qd2 Rb8 8.Nd1 d6 9.c3
Nc6 10.f4 Nge7 11.Ne2 b6 12.d4 Bb7 13.O-O cxd4 14.Nxd4 d5 15.exd5 Nxd5 16.Nxc6
Bxc6 17.Nf2 Qc7 18.Bd4 Nf6 19.Be5 Ne4 {#r} 1-0

[Event "Ch France (juniors) (under 14) (g)"]
[Site "masterchessopen.com Hyeres (France)"]
[Round "4"]
[White "Point Emilie (FRA)"]
[Black "Delisle Charlotte (FRA)"]
[Result "0-1"]
[WhiteElo "1959"]
[BlackElo "1810"]

1.e4 c5 2.Nc3 Nc6 3.g3 g6 4.Bg2 Bg7 5.d3 e6 6.Be3 Nge7 7.Bxc5 d6 8.Be3 O-O
9.Qd2 Re8 10.O-O-O Rb8 11.h4 b5 12.h5 b4 13.Nb1 Qa5 14.Bh6 Bh8 15.hxg6 fxg6
16.Ne2 Bd7 17.d4 Qxa2 18.f4 Na5 19.Qd3 Rec8 20.Nd2 Qa1+ 21.Nb1 Nc4 22.Qb3 Ba4
{#R} 0-1

[Event "It (open)"]
[Site "masterchessopen.com Plancoet (France)"]
[Round "2"]
[White "Kaulfuss Helmut (GER)"]
[Black "Illien Jean-Marc (FRA)"]
[Result "1-0"]
[WhiteElo "2244"]
[BlackElo "1956"]

1.e4 c5 2.Nc3 Nc6 3.g3 g6 4.Bg2 Bg7 5.d3 e6 6.f4 Nge7 7.Nf3 O-O 8.Ne2 d5 9.e5
f6 10.exf6 Bxf6 11.O-O e5 12.c3 Bf5 13.fxe5 Nxe5 14.Nxe5 Bxe5 15.d4 Bd6 16.Bh6
Re8 17.Nf4 Be4 18.Bxe4 dxe4 19.Qb3+ {#r} 1-0

[Event "Ch St. Petersburg (1/2 final)"]
[Site "masterchessopen.com St. Petersburg (Russia)"]
[Round "1"]
[White "Grishanovich Stanislav (RUS)"]
[Black "Gubochkin Viacheslav (RUS)"]
[Result "1-0"]
[WhiteElo "2303"]
[BlackElo "2092"]

1.e4 c5 2.g3 Nc6 3.Bg2 g6 4.Nc3 Bg7 5.d3 e6 6.Be3 Nd4 7.Nce2 Nxe2 8.Nxe2 Bxb2
9.Rb1 Qa5+ 10.Bd2 Qxa2 11.c3 Ba3 12.Qb3 Qxb3 13.Rxb3 c4 14.Rxa3 cxd3 15.Nd4 d6
16.Nb5 Ke7 17.Bf4 b6 18.Bxd6+ Kd8 19.e5 {#r} 1-0

[Event "Ch Great Britain"]
[Site "masterchessopen.com Torquay (England)"]
[Round "10"]
[White "Mason Donald (ENG)"]
[Black "Rudd Jack (ENG)"]
[Result "1-0"]
[WhiteElo "2256"]
[BlackElo "2171"]

1.e4 c5 2.Nc3 Nc6 3.g3 g6 4.Bg2 Bg7 5.d3 e5 6.Nh3 Nge7 7.O-O O-O 8.f4 d6 9.f5
gxf5 10.exf5 Bxf5 11.Rxf5 Nxf5 12.Be4 Nfe7 13.Bxh7+ Kxh7 14.Qh5+ Kg8 15.Ng5
Re8 16.Qxf7+ Kh8 17.Qh5+ Kg8 18.Qh7+ Kf8 19.Ne6+ Kf7 20.Nxd8+ Raxd8 21.Bh6 Nd4
22.Rf1+ Ke6 23.Bxg7 {#r} 1-0

[Event "Ch Hungary (team) 2002/03 (2 liga)"]
[Site "masterchessopen.com Hungary"]
[Date "2002.09.22"]
[Round "1"]
[White "Burjan Anita (HUN)"]
[Black "Csatho Lotti (HUN)"]
[Result "1-0"]
[WhiteElo "2035"]
[BlackElo "1980"]

1.e4 c5 2.Nc3 Nc6 3.g3 g6 4.Bg2 Bg7 5.d3 e6 6.Be3 Bxc3+ 7.bxc3 b6 8.d4 d6
9.Ne2 Nge7 10.O-O O-O 11.Bh6 Re8 12.Qd2 e5 13.Qg5 Nxd4 14.cxd4 cxd4 15.Qf6 Nf5
16.Qxd8 Rxd8 17.exf5 d5 18.fxg6 hxg6 19.Bg5 Rd6 20.Be7 Rd7 21.Bf6 Ba6 22.Rfe1
Bxe2 23.Rxe2 Re8 24.Rxe5 Rc8 {#r} 1-0

[Event "Tournament (Elo)"]
[Site "masterchessopen.com Budapest (Hungary)"]
[Round "8"]
[White "Bellan Istvan (HUN)"]
[Black "Mensing Fabio (AHO)"]
[Result "0-1"]
[WhiteElo "2062"]
[BlackElo "2122"]

1.e4 c5 2.Nc3 Nc6 3.g3 g6 4.Bg2 Bg7 5.d3 e5 6.Nh3 Nge7 7.O-O O-O 8.Be3 d6
9.Qd2 Nd4 10.Rae1 f5 11.Nd1 fxe4 12.dxe4 Bxh3 {#R} 0-1

[Event "corr."]
[Site "masterchessopen.com France"]
[Round "0"]
[White "Rodriguez Patrick"]
[Black "Routier Laurie"]
[Result "0-1"]
[WhiteElo "1750"]
[BlackElo "1500"]

1.e4 c5 2.Nc3 Nc6 3.g3 g6 4.Bg2 Bg7 5.d3 Nf6 6.Nge2 Rb8 7.a4 d6 8.O-O O-O 9.h3
Nd4 10.Nxd4 cxd4 11.Ne2 e5 12.c3 dxc3 13.bxc3 d5 14.exd5 Nxd5 15.Qb3 Be6
16.Qc2 Qd7 17.Be3 Nxe3 18.fxe3 Bxh3 19.d4 Bxg2 20.Kxg2 exd4 21.Nxd4 Rfe8
22.Rf3 Qd5 23.Rd1 Rxe3 {#R} 0-1

[Event "It (open) \"]
[Site "masterchessopen.com Izmir (Turkey)"]
[Round "1"]
[White "Comez Kemalcan (TUR)"]
[Black "Erdolek Enis (TUR)"]
[Result "1-0"]
[WhiteElo "2184"]
[BlackElo "1852"]

1.e4 c5 2.Nc3 Nc6 3.g3 g6 4.Bg2 Bg7 5.d3 e6 6.Bf4 d6 7.Nf3 Nge7 8.O-O O-O
9.Be3 Nd4 10.Rb1 Nec6 11.Ne2 Qa5 12.a3 Qa4 13.Nexd4 Nxd4 14.c3 Qxd1 15.Rbxd1
Nb3 16.Nd2 Nxd2 17.Rxd2 Bd7 18.e5 dxe5 19.Bxc5 Rfd8 20.Bxb7 Rab8 21.Ba6 Re8
{#r} 1-0

[Event "Ch Lisbon (final)"]
[Site "masterchessopen.com Lisbon (Portugal)"]
[Round "7"]
[White "Vitor Antonio (POR)"]
[Black "Francisco Luis (POR)"]
[Result "1-0"]
[WhiteElo "2319"]
[BlackElo "2037"]

1.e4 c5 2.Nc3 Nc6 3.g3 g6 4.Bg2 Bg7 5.d3 e6 6.a3 Nge7 7.h4 Rb8 8.h5 b5 9.Nge2
b4 10.axb4 cxb4 11.Nb1 d5 12.Nd2 a5 13.Nb3 Qb6 14.Be3 d4 15.Bg5 e5 16.h6 Bf8
17.f4 Bg4 18.fxe5 Bxe2 19.Qxe2 Qb5 20.Bf6 Rg8 21.Qf2 Rd8 22.Rf1 Bxh6 23.Bxe7
Nxe7 24.Qxf7+ {#r} 1-0

[Event "It (open)"]
[Site "masterchessopen.com Stockerau (Austria)"]
[Round "2"]
[White "Hangweyrer Manfred (AUT)"]
[Black "Robitsch Hermann (AUT)"]
[Result "1-0"]
[WhiteElo "2347"]
[BlackElo "2080"]

1.e4 c5 2.Nc3 Nc6 3.g3 g6 4.Bg2 Bg7 5.d3 e6 6.Be3 Qa5 7.Ne2 Nge7 8.d4 cxd4
9.Nxd4 O-O 10.O-O Nxd4 11.Bxd4 Bxd4 12.Qxd4 d5 13.exd5 exd5 14.Nxd5 Nxd5
15.Qxd5 Qxd5 16.Bxd5 Bf5 17.c4 Rad8 18.Rfe1 Rd7 19.f3 Rc8 20.a4 Be6 21.Rxe6
{#r} 1-0

[Event "It (open)"]
[Site "masterchessopen.com Werther (Germany)"]
[Date "2003.04.12"]
[Round "3"]
[White "Welz Peter Dr (GER)"]
[Black "Kemper Meinolf (GER)"]
[Result "1-0"]
[WhiteElo "2161"]
[BlackElo "2095"]

1.e4 c5 2.Nc3 Nc6 3.g3 g6 4.Bg2 Bg7 5.d3 e6 6.Be3 Nd4 7.Qd2 Ne7 8.O-O-O Rb8
9.Bh6 Bxh6 10.Qxh6 b5 11.Kb1 Qa5 12.Nge2 Nec6 13.Rhe1 Rb6 14.Qg7 Rf8 15.Nd5
exd5 16.exd5 Ne6 17.dxe6 dxe6 18.Nc3 Nd4 19.Qe5 b4 20.Nd5 f6 21.Qc7 Bd7
22.Nxb6 axb6 23.Re4 Nb5 24.Rxe6+ {#r} 1-0

[Event "Ch Australia (juniors) (under 18)"]
[Site "masterchessopen.com Perth (Australia)"]
[Date "2004.01.15"]
[Round "3"]
[White "Tran Christopher (AUS)"]
[Black "Arnold Matthew"]
[Result "1-0"]
[WhiteElo "1845"]
[BlackElo "883"]

1.e4 c5 2.Nc3 Nc6 3.g3 g6 4.Bg2 Bg7 5.d3 e5 6.f4 exf4 7.Bxf4 Nge7 8.Nh3 Qb6
9.Bd2 Qxb2 10.Rb1 Qa3 11.Nb5 Qxa2 12.Nc7+ Kd8 13.Nxa8 Nd4 14.O-O f5 15.Ng5 Rf8
16.Nxh7 Rg8 17.exf5 Nexf5 18.Bg5+ Ke8 19.Qe1+ Kf7 20.Bd5+ {#r} 1-0

[Event "Ch Russia (juniors) (under 16) (g)"]
[Site "masterchessopen.com Dagomys (Russia)"]
[Round "2"]
[White "Bogomolova Ekaterina (RUS)"]
[Black "Grebenyuk Alina (RUS)"]
[Result "1-0"]
[WhiteElo "2080"]
[BlackElo "2107"]

1.e4 c5 2.Nc3 Nc6 3.g3 g6 4.Bg2 Bg7 5.d3 e6 6.Be3 b6 7.f4 Nge7 8.Nf3 d5 9.exd5
exd5 10.Bf2 Bb7 11.O-O O-O 12.g4 d4 13.Ne4 f5 14.Neg5 Qd6 15.Re1 fxg4 16.Ne5
Bxe5 17.fxe5 Nxe5 18.Bxb7 Qf6 19.Bg3 Rab8 20.Bxe5 Qf2+ 21.Kh1 Rxb7 {#r} 1-0

[Event "It (open)"]
[Site "masterchessopen.com Cesenatico (Italy)"]
[Date "2004.09.06"]
[Round "3"]
[White "Battaglia Edoardo (ITA)"]
[Black "Gromovs Sergejs (ITA)"]
[Result "1-0"]
[WhiteElo "2025"]
[BlackElo "2324"]

1.e4 c5 2.Nc3 Nc6 3.g3 g6 4.Bg2 Bg7 5.d3 e6 6.Be3 Nd4 7.Qd2 Ne7 8.Nce2 d6 9.c3
Ndc6 10.Bh6 Bxh6 11.Qxh6 Ne5 12.Qd2 Qb6 13.b3 a5 14.d4 Nd7 15.Nf3 a4 16.b4
cxb4 17.cxb4 a3 18.Rb1 Nf6 19.Nc3 Bd7 20.O-O O-O 21.e5 Nfd5 22.Ne4 dxe5
23.dxe5 Bb5 24.Rfe1 {#r} 1-0